000 00444nam a2200133Ia 4500
008 220217s9999 xx 000 0 und d
245 0 _aMethods of testing raw rubber & unvulcanized compounded rubber. Part 4. Evaluation of vulcanizing characteristics
260 _c1969
500 _aStandard number: BS 1673 Part 4
650 _aRaw rubber
650 _aUnvulcanised compounded rubber
650 _aVulcanizing characteristics
942 _cST
999 _c73016
_d73016